| 000 | 00792nam a22001817a 4500 | ||
|---|---|---|---|
| 999 |
_c371873 _d371873 |
||
| 008 | 201127b ||||| |||| 00| 0 eng d | ||
| 040 |
_aDE-2950 _bger _cDE-2950 _erda |
||
| 041 | _ager | ||
| 245 |
_aBebauungsplan für Windräder in Booßen beschlossen. _bEnergie: Seit 2014 wird über einen Windpark nördlich der B5 beraten und diskutiert. Jetzt ist er beschlossen. Wie Peterhof vom ungeliebten Projekt profitieren soll / _cThomas Gutke |
||
| 264 | _c2022 | ||
| 653 | _aFrankfurt (Oder) <Ortsteil Booßen> | ||
| 653 | _aWindkraftanlagen | ||
| 773 |
_dFrankfurt (Oder) Märkisches Verlags- und Druckhaus GmbH & Co KG _tMärkische Oderzeitung _g33. Jahrgang (2022) Nr. 222 vom 22.09.2022, S. 13: Abb. |
||
| 942 | _cA | ||